000
00302nam a22001097a 4500
082
_a
616.891425
_b
WOO
100
_a
Jeffrey C. Woo
245
_a
The Cognitive behavioral therapy: workbook for personality disorder/
260
_a
New York:
_b
Harbinger;
_c
2010
300
_a
232p
942
_2
ddc
_c
BK
999
_c
614725
_d
614725